Las teorías implícitas: una aproximación al conocimiento cotidiano
Збережено в:
| Автори: | , , |
|---|---|
| Формат: | Книга |
| Мова: | Іспанська |
| Опубліковано: |
Madrid
Visor
1993
|
| Серія: | Colección Aprendizaje, 93
|
| Предмети: | |
| Теги: |
Додати тег
Немає тегів, Будьте першим, хто поставить тег для цього запису!
|
MARC
| LEADER | 00000nam a2200000 a 4500 | ||
|---|---|---|---|
| 001 | UCO6045 | ||
| 003 | CL-VaPUC | ||
| 008 | 001006e19930000SP |||||||||||||||||spa|d | ||
| 082 | 0 | 4 | |a 121 |b ROD |2 21 |
| 100 | 0 | |a Rodrigo, María José |e author |9 450871 | |
| 700 | 0 | |a Rodríguez, Armando |e author |9 450872 | |
| 700 | 0 | |a Marrero, Javier |e author |9 450873 | |
| 245 | 1 | 4 | |a Las teorías implícitas: una aproximación al conocimiento cotidiano |
| 300 | |a 339 p | ||
| 942 | |c BK | ||
| 945 | |d 20001006 00:00:00 |a vberengu | ||
| 260 | |a Madrid |b Visor |c 1993 | ||
| 650 | 0 | |a Cognición |9 270347 | |
| 650 | 0 | |a Epistemología |9 264994 | |
| 650 | 0 | |a Metafísica |9 265649 | |
| 650 | 0 | |a Psicología del desarrollo |9 307541 | |
| 650 | 0 | |a Procesos de aprendizaje |9 309161 | |
| 650 | 0 | |a Teoría del conocimiento |9 255038 | |
| 583 | |a last modification |c 20001006 00:00:00 |k Rodrigo Vera | ||
| 490 | 0 | |a Colección Aprendizaje, 93 | |
| 999 | |c 291839 |d 291837 | ||
| 952 | |0 0 |1 0 |4 0 |6 121_000000000000000_ROD_1993 |7 0 |8 A |9 342077 |a FDOPOS |b FDOPOS |d 2019-11-20 |i 3653420 |o 121 ROD 1993 |p 3653420 |r 2025-01-22 |w 2019-11-20 |y BK |k MLA | ||
| 952 | |0 0 |1 0 |4 0 |6 121_000000000000000_ROD_1993 |7 0 |8 A |9 342078 |a FDOPOS |b FDOPOS |d 2019-11-20 |i 3719294 |o 121 ROD 1993 |p 3719294 |r 2025-01-22 |w 2019-11-20 |y BK |k MLA | ||